Normal view
MARC view
Entry Topical Term
001 - CONTROL NUMBER
- control field: 16462
003 - CONTROL NUMBER IDENTIFIER
- control field: ARRUPE
005 - DATE AND TIME OF LATEST TRANSACTION
- control field: 20150324145711.0
008 - FIXED-LENGTH DATA ELEMENTS
- fixed length control field: 150324|| aca||aabn | a|a d
040 ## - CATALOGING SOURCE
- Original cataloging agency: ARRUPE
- Transcribing agency: ARRUPE
150 ## - HEADING--TOPICAL TERM
- Topical term or geographic name as entry element: Constitution
- Geographic subdivision: Zimbabwe
670 ## - SOURCE DATA FOUND
- Source citation: Work cat.: (ARRUPE): Zimbabwe Government 16461, The Constitution of The Republic of Zimbabwe Amendment (No. 20), 2013